• 首页
  • 本馆介绍
  • 公告通知
  • 最新文献
  • 馆藏检索
  • 电子资源
  • 读者导购
  • 参考咨询
  • 我的图书馆
  • 登录
  • 详细信息显示
  • 放入我的书架
  • 预约/预借图书
  • 作者相关作品
  • 分类相关作品
  • 丛书相关作品
  • 出版社相关作品

书目信息

  • 表格格式
  • 工作单格式
  • 卡片格式
题名:
谈美声歌唱艺术
    
 
作者: 田玉斌 著
分册:  
出版信息: 拉萨   西藏人民出版社  1995.03
页数: 219页
开本: 21cm
丛书名: 智慧音乐知识丛书
单 册:
中图分类: J609.1
科图分类:
主题词: 音乐史--世界
电子资源:
ISBN: 7-223-00640-4
000 00615nam2 2200217 45
001 0412090825
005 20041209101738.7
010    @a7-223-00640-4@dCNY6.30
100    @a20041209d1995 km y0chiy0120 ea
101 0  @achi
105    @a z 000yy
200 1  @a谈美声歌唱艺术@ATan Mei Sheng Ge Chang Yi Shu@f田玉斌著@FTian Yu Bin Zhu
210    @a拉萨@c西藏人民出版社@d1995.03
215    @a219页@d21cm
225    @a智慧音乐知识丛书
410    @12001 @a智慧音乐知识丛书
606 0  @a音乐史@x世界
690    @aJ609.1@v3
701  0 @a田玉斌@4著
801    @aCN@bPftUser@c20041209
905    @f1@b264574@dJ609.1@e112
    
    谈美声歌唱艺术/田玉斌著.-拉萨:西藏人民出版社,1995.03
    219页;21cm.-(智慧音乐知识丛书)
    
    
    ISBN 7-223-00640-4:CNY6.30
    
●
相关链接 在E读中查询图书 在五车中查询图书 在当当中查询图书 在豆瓣中查询图书


正题名:谈美声歌唱艺术     索取号:J609.1/112         预约/预借

序号 登录号 条形码 馆藏地/架位号 状态 备注
1 0264573   202111632   第一样本阅览室/ [索取号:J609.1/112] 在馆    
2 0264574   000575265   第一借阅区/ [索取号:J609.1/112] 在馆    
唐山师范学院图书馆 欢迎您!
大连网信软件有限公司© 版权所有